Kraje pod kontrolą rycerzy maltańskich/szpitalników - Statystyki

Ogólne statystyki
  • Ten quiz został rozwiązany 68 razy
  • Średni wynik to 3 z 7
Statystyki odpowiedzi
Hint Odpowiedź % Poprawnych
100% Malta
93%
1%< Włochy
93%
1%< Francja
72%
1%< Libia
42%
1%< USA
28%
1%< Holandia
18%
100% Saint kitts i nevis
4%
Nie znaleziono quizów pasujących do podanych kryteriów
Rozkład punktacji
Procent ludzi z każdym wynikiem
Percentyl według liczby udzielonych odpowiedzi
Twoja historia wyników
Nie rozwiązałeś tego quizu